Gabriela Mistral. Selected prose and prose-poems.

Збережено в:
Бібліографічні деталі
Автор: Tapscott, Stephen (editor and translator)
Формат: Книга
Мова:Іспанська
Опубліковано: Austin, United States: University of Texas Press, 2002.
Серія:Texas Pan American Literature in Translation.
Предмети:
Теги: Додати тег
Немає тегів, Будьте першим, хто поставить тег для цього запису!

MARC

LEADER 00000nam a22000007a 4500
003 CL-VaPUC
005 20241216163524.0
008 241205t2002 ||||| |||| 00| 0 spa d
999 |c 446106  |d 446104 
020 |a 0-292-75266-0 
040 |c Pontificia Universidad Católica de Valparaíso 
082 |2 22  |a Ch861 TAP 2002 
100 |9 894497  |a Tapscott, Stephen  |e editor and translator 
245 |a Gabriela Mistral.  |b Selected prose and prose-poems. 
246 |a Gabriela Mistral.  |b Selections. English & Spanish. 
250 |b Edición bilingüe (español-inglés). 
260 |a Austin, United States:  |b University of Texas Press,  |c 2002. 
300 |a 248 páginas. 
490 |a Texas Pan American Literature in Translation. 
500 |a c.1: Donación P.I.I.E. 2-12-2024. 
583 |c 20241205  |k Yessy Sthefany Diaz Vidal 
600 0 |9 866296  |a Mistral, Gabriela,  |d 1889-1957,  |q Godoy Alcayaga, Lucila  |v Poems  |x Translations into English 
650 0 |9 268403  |a Poesía chilena   |x Mujeres  |y Siglo 20 
650 0 |9 894500  |a Women poets  |z Chile  |y 20th century 
942 |2 ddc  |c BK 
952 |0 0  |1 0  |2 ddc  |4 0  |6 CH_861_000000000000000_TAP_2002  |7 0  |8 A  |9 598481  |a BIBGIM  |b BIBGIM  |d 2024-12-05  |e Donación  |i 5663507  |o Ch861 TAP 2002  |p 5663507  |r 2025-01-15  |t 1  |w 2024-12-05  |y BK  |k ELE